| 000 | 00000nas 2200000za 4500 |
| 001 | 9.849056 |
| 003 | CaOODSP |
| 005 | 20251127102030 |
| 007 | cr ||||||||||| |
| 008 | 171219c20139999oncar p oss||f0 b0fre|d |
| 040 | |aCaOODSP|bfre |
| 043 | |an-cn--- |
| 086 | 1 |aIu41-7F-PDF|zIu44-104/2016F-PDF |
| 245 | 02|aL'état de l'industrie aérospatiale canadienne, rapport ... |h[ressource électronique] / |cprésenté par Innovation, Sciences et Développement économique Canada et AIAC. |
| 246 | 1 |aRapport … l'état de l'industrie aérospatiale canadienne|f2013-2015 |
| 246 | 1 |aRapport sur l'état de l'industrie aérospatiale au Canada ...|f2021- |
| 260 | |a[Ottawa] : |bInnovation, Sciences et Développement économique Canada, |c[2013?]- |
| 310 | |aAnnuel |
| 362 | 1 |aParaît depuis : rapport 2013? |
| 500 | |aLégère variante dans le titre. |
| 500 | |aPubl. aussi en anglais sous le titre : State of Canada's aerospace industry, ... report. |
| 588 | |aDescription d'après : 2016. |
| 692 | 07|2gccst|aIndustrie de l'aérospatiale |
| 692 | 07|2gccst|aStatistiques économiques |
| 710 | 1 |aCanada. |bInnovation, sciences et développement économique Canada. |
| 710 | 2 |aAssociation des industries aérospatiales du Canada. |
| 775 | 08|tState of Canada's aerospace industry, ... report |w(CaOODSP)9.849054 |
| 775 | 08|tThe state of the Canadian aerospace industry.|w(CaOODSP)9.872314 |